| 000 | 01345ngm a2200313 4500 | ||
|---|---|---|---|
| 003 | dpl | ||
| 005 | 20090212124335.0 | ||
| 007 | DVD | ||
| 008 | ||||||sp199 xxu|||||c|||| 00| 0 eng d | ||
| 010 | _aDVD-001623 | ||
| 024 |
_a29938 _c499.00 |
||
| 035 | _aDVD-001623 | ||
| 040 |
_aDPL _cDPL |
||
| 082 | _aDVD / TRAN | ||
| 245 |
_aTransporter II _c20th Century Fox Presents _h[videorecording] DVD/ |
||
| 260 | _b20th Century Fox Home Entertainment | ||
| 300 |
_a1 videodisc DVD; (88 min.) : _bsd., col. ; _c4 3/4 in. _fDVD |
||
| 440 | _a20th Centyry Fox Home Entertainment | ||
| 500 | _aSole Distributor in India M/s. Excel Productions Autio Visuals Pvt. Ltd. | ||
| 500 | _aFrom the maker of The Professional and La Femme Nikita | ||
| 500 | _aThis DVD is Copy Protected | ||
| 538 | _aDolby Digital 5.1-English Subtitles: English,Thai, | ||
| 538 | _aAspect Ratio: 2.35:1, Presentation type: Wide Screen, Presentation Size 16x9 Format DVD 9 Dual Layer Single Sided Disc. | ||
| 650 | _aMotion Picture | ||
| 700 | _aStatham, Jaosn | ||
| 942 |
_cCF _2ddc _hDVD _mTRAN |
||
| 999 |
_c23552 _d23552 |
||